000 00498nam a2200181Ia 4500
001 5220
005 20260306145852.0
008 260306t1988||||xx |||||||||||||| ||spa||
041 _aESP
082 _a338.20985
_bC74
100 _aContreras, Carlos
_eAUT
245 0 _aMineros y campesinos en los andes :
_bmercado laboral y economía campesina en la sierra central siglo xix
260 _c1988
300 _a155 páginas :
_ccm.
650 _aGEN
654 _aCAN
942 _cLIB
_dJUS
_fJUS
_2ddc
_n
999 _c5220
_d5220